To catch a virus / (Record no. 84938)
[ view plain ]
| 000 -LEADER | |
|---|---|
| fixed length control field | 02135nam a2200397 i 4500 |
| 001 - CONTROL NUMBER | |
| control field | ebr10829424 |
| 003 - CONTROL NUMBER IDENTIFIER | |
| control field | CaPaEBR |
| 006 - FIXED-LENGTH DATA ELEMENTS--ADDITIONAL MATERIAL CHARACTERISTICS--GENERAL INFORMATION | |
| fixed length control field | m o d |
| 007 - PHYSICAL DESCRIPTION FIXED FIELD--GENERAL INFORMATION | |
| fixed length control field | cr cn||||||||| |
| 008 - FIXED-LENGTH DATA ELEMENTS--GENERAL INFORMATION | |
| fixed length control field | 120830t20132013dcuac ob 001 0 eng|d |
| 020 ## - INTERNATIONAL STANDARD BOOK NUMBER | |
| Cancelled/invalid ISBN | 9781555815073 (pbk. : alk. paper) |
| International Standard Book Number | 9781555818586 (e-book) |
| 040 ## - CATALOGING SOURCE | |
| Original cataloging agency | CaPaEBR |
| Language of cataloging | eng |
| Description conventions | rda |
| -- | pn |
| Transcribing agency | CaPaEBR |
| 035 ## - SYSTEM CONTROL NUMBER | |
| System control number | (OCoLC)869095180 |
| 050 14 - LIBRARY OF CONGRESS CALL NUMBER | |
| Classification number | QR359 |
| Item number | .B66 2013eb |
| 082 04 - DEWEY DECIMAL CLASSIFICATION NUMBER | |
| Classification number | 616.9/101 |
| Edition number | 23 |
| 100 1# - MAIN ENTRY--PERSONAL NAME | |
| Personal name | Booss, John. |
| 245 10 - TITLE STATEMENT | |
| Title | To catch a virus / |
| Statement of responsibility, etc | John Booss, and Marilyn J. August. |
| 264 #1 - PRODUCTION, PUBLICATION, DISTRIBUTION, MANUFACTURE, AND COPYRIGHT NOTICE | |
| Place of production, publication, distribution, manufacture | Washington, DC : |
| Name of producer, publisher, distributor, manufacturer | ASM Press, |
| Date of production, publication, distribution, manufacture, or copyright notice | [2013] |
| Date of production, publication, distribution, manufacture, or copyright notice | �2013 |
| 300 ## - PHYSICAL DESCRIPTION | |
| Extent | 1 online resource (394 pages) : |
| Other physical details | illustrations (some color), color portraits |
| 336 ## - CONTENT TYPE | |
| Content type term | text |
| Source | rdacontent |
| 337 ## - MEDIA TYPE | |
| Media type term | computer |
| Source | rdamedia |
| 338 ## - CARRIER TYPE | |
| Carrier type term | online resource |
| Source | rdacarrier |
| 504 ## - BIBLIOGRAPHY, ETC. NOTE | |
| Bibliography, etc | Includes bibliographical references and index. |
| 505 0# - FORMATTED CONTENTS NOTE | |
| Formatted contents note | Fear or terror on every countenance : yellow fever -- Of mice and men : animal models of virus infection -- Filling the churchyard with corpses : smallpox and the immune response -- What can be seen : from viral inclusion bodies to electron microscopy -- The turning point : cytopathic effect in tissue culture -- A torrent of viral isolates : the early years of diagnostic virology -- Imaging viruses and tagging their antigens -- Immunological memory : ingenuity and serendipity -- To the barricades : the molecular revolution. |
| 588 ## - SOURCE OF DESCRIPTION NOTE | |
| Source of description note | Description based on print version record. |
| 590 ## - LOCAL NOTE (RLIN) | |
| Local note | Electronic reproduction. Palo Alto, Calif. : ebrary, 2014. Available via World Wide Web. Access may be limited to ebrary affiliated libraries. |
| 650 #0 - SUBJECT ADDED ENTRY--TOPICAL TERM | |
| Topical term or geographic name as entry element | Virology |
| General subdivision | History. |
| 655 #0 - INDEX TERM--GENRE/FORM | |
| Genre/form data or focus term | Electronic books. |
| 700 1# - ADDED ENTRY--PERSONAL NAME | |
| Personal name | August, Marilyn J. |
| 710 2# - ADDED ENTRY--CORPORATE NAME | |
| Corporate name or jurisdiction name as entry element | American Society for Microbiology. |
| 776 08 - ADDITIONAL PHYSICAL FORM ENTRY | |
| Display text | Print version: |
| Main entry heading | Booss, John. |
| Title | To catch a virus. |
| Place, publisher, and date of publication | Washington, DC : ASM Press, [2013] |
| Physical description | xxvii, 364 pages |
| International Standard Book Number | 9781555815073 |
| Record control number | (DNLM)101591437 |
| -- | (DLC)10829424 |
| 797 2# - LOCAL ADDED ENTRY--CORPORATE NAME (RLIN) | |
| Corporate name or jurisdiction name as entry element | ebrary. |
| 856 40 - ELECTRONIC LOCATION AND ACCESS | |
| Uniform Resource Identifier | <a href="http://site.ebrary.com/lib/rucke/Doc?id=10829424">http://site.ebrary.com/lib/rucke/Doc?id=10829424</a> |
| Public note | An electronic book accessible through the World Wide Web; click to view |
No items available.
